“民宿”地点数量≥1500的地级行政区 Prefectures with ≥1500 homestay sites - Statistics

General Stats
  • This quiz has been taken 60 times
  • The average score is 25 of 36
Answer Stats
地级行政区 数量 % Correct
北京 5904
100%
上海 3814
100%
苏州 2389
100%
成都 5587
98%
杭州 4556
98%
重庆 4218
98%
深圳 1971
98%
广州 2652
97%
厦门 2164
97%
武汉 1500
97%
青岛 3790
95%
西安 4155
91%
福州 2804
91%
长沙 2197
91%
天津 2730
90%
昆明 2466
84%
郑州 2110
83%
温州 1791
78%
洛阳 3566
76%
桂林 2220
76%
大理 4281
74%
烟台 2410
71%
丽江 1694
71%
威海 3598
64%
湖州 2871
45%
日照 1962
40%
舟山 2460
38%
北海 2538
33%
秦皇岛 2194
31%
漳州 1884
29%
惠州 1952
28%
上饶 1817
24%
保定 1744
24%
甘孜 1899
22%
恩施 2146
16%
伊犁 1850
12%
No matching quizzes found
Score Distribution
Percent of People with Each Score
Percentile by Number Answered
Your Score History
You have not taken this quiz